000 00751nam a2200241Ia 4500
003 OSt
005 20220925215201.0
006 a|||||r|||| 00| 0
007 ta
008 220923b |||||||| |||| 00| 0 eng d
037 _cGeneral Book
040 _aRTL
_cRTL
_beng
041 _2eng
_aeng
082 _aX:(B).3.N8, M3
100 _aBritton Andrew Ed.
_9282340
245 0 _aEmployment , output and inflation
_b The national i
260 _aLondon
_bHeinemann
_c1983
300 _a186p Appendix p 143-83
_ccm.
490 _aNational Institute Of Economic And Social Research, Publication
650 _aMathametical Economics
942 _hX:(B).3.N8, M3
_cGB
_2CC
999 _c568134
_d568134